Villes de France en 5 lettres - de A à Z - - Statistiques

Statistiques générales
  • Ce quiz a été pris 167 fois
  • Le résultat moyen est 10 sur 20
Statistiques - réponses
Lettre Réponse % Correct
B Bachy| Baden| Baffe| Bagas| Bages| Bains| Bajus| Balan| Balma| Balme| Balot| Banat| Banca| Banne| Banon| Banos| Barby| Barcy| Barde| Baren| Barie| Barly| Baron| Barre| Barro| Barry| Barst| Basly| Bassu| Bassy| Baugé| Baugy| Baule| Baume| Bauné| Bauzy| Bavay| Bayac| Bayas| Bayel| Bayet| Bayon| Bazac| Bazas| Bazet| Bazus| Béage| Béard| Beaux| Béchy| Bédée| Béhen| Beine| Bélis| Bélus| Bénac| Benay| Benet| Benon| Béost| Bérat| Berck| Berné| Berru| Bérus| Besmé| Besné| Besse| Bessé| Bessy| Beuil| Beure| Bézac| Biard| Bidon| Bidos| Biert| Bigne| Bilia| Billé| Billy| Binas| Binic| Binos| Birac| Biran| Biras| Biron| Bisel| Bitry| Bivès| Bizot| Bizou| Blacé| Blacy| Blain| Blanc| Blars| Blaru| Blaye| Bléré| Blévy| Blois| Blond| Bloye| Blyes| Bodéo| Boëcé| Boëge| Bohal| Bonas| Boncé| Bondy| Bonne| Borce| Bords| Borée| Borey| Borgo| Borne| Boron| Borre| Bosse| Bouan| Boucé| Boucq| Bouée| Bouër| Bouëx| Bougy| Bouhy| Bouin| Bouix| Boulc| Boult| Bourg| Bours| Boust| Boutx| Bouzy| Bovel| Boves| Boyer| Bozas| Bozel| Brach| Brain| Brans| Brasc| Braux| Braye| Bréau| Brecé| Brécé| Brech| Brécy| Brède| Bréel| Brégy| Breil| Brens| Breny| Bréry| Brest| Bretx| Breux| Brézé| Brias| Bricy| Briec| Briey| Briod| Brion| Briot| Briou| Broin| Broué| Brouy| Broye| Broze| Bruch| Bruis| Bruys| Buais| Bubry| Buchy| Budos| Bueil| Bugny| Bugue| Buire| Bulan| Bulcy| Bulle| Bully| Bunus| Buoux| Burcy| Bures| Buret| Burey| Burgy| Burie| Buros| Burzy| Bussu| Bussy| Butot| Buzan| Buzon|
81%
P Paars| Pajay| Paley| Palis| Pallu| Palme| Pancé| Pange| Panon| Parcé| Parcq| Paris| Parly| Paron| Paroy| Parux| Pasly| Passa| Passy| Patay| Paudy| Paule| Paulx| Pavie| Payns| Payré| Pègue| Pendé| Penin| Penly| Penne| Penol| Péone| Peray| Percy| Péret| Péron| Pesse| Peyre| Pezou| Phlin| Piacé| Piana| Piano| Pieux| Piève| Pigna| Pigny| Pihem| Pimbo| Pinas| Pinay| Pincé| Pinet| Piney| Pinon| Pirey| Pirou| Pissy| Pizay| Pizou| Placé| Placy| Plans| Plats| Plélo| Plémy| Pogny| Poisy| Pomas| Pomoy| Pomps| Pondy| Ponts| Porge| Porri| Porta| Poses| Potte| Pouge| Pougy| Poulx| Pouze| Pratz| Praye| Précy| Préhy| Prény| Préty| Priay| Priez| Prizy| Proix| Pruno| Prusy| Publy| Puech| Puget| Pugey| Pugny| Puits| Puley| Pusey| Pussy| Puyoô|
80%
L Lachy| Ladon| Lados| Laduz| Lafat| Lafox| Lagny| Lagor| Lagos| Lahas| Lains| Laire| Laizé| Laizy| Laleu| Lanas| Lancé| Lanet| Langé| Langy| Lanne| Lanta| Lanty| Laons| Lapan| Lapte| Laran| Lardy| Larée| Larra| Larré| Lasse| Lassy| Latet| Laval| Lavau| Lavit| Laxou| Lazer| Lecci| Lecey| Lédat| Leers| Légny| Léhon| Lélex| Lemps| Lemud| Lemuy| Lenax| Lento| Léran| Léren| Lerné| Lerzy| Lesme| Lesse| Lessy| Letia| Létra| Leury| Leuze| Leval| Lèves| Levet| Levie| Levis| Leyme| Lézan| Lézat| Lezay| Lezey| Lherm| Lhéry| Lhuis| Lhuys| Liart| Liège| Ligné| Ligré| Lihus| Lilas| Lille| Lilly| Limas| Limay| Limon| Linac| Linas| Linay| Lingé| Linxe| Liouc| Lioux| Lirac| Lirey| Lisle| Lison| Lisse| Lissy| Livet| Livry| Lizac| Lizio| Lizos| Loché| Locon| Lodes| Loges| Loiré| Loisy| Lolif| Lolme| Lomme| Lomné| Londe| Lonny| Looze| Loray| Lorcy| Lorey| Losne| Losse| Loucé| Louer| Louey| Louin| Louit| Loupe| Loury| Louye| Louze| Louzy| Loyat| Lozay| Lozon| Lozzi| Luant| Luart| Lubey| Lublé| Lucey| Luchy| Luçon| Ludes| Lugan| Lugny| Lugos| Lully| Lumes| Lumio| Lunac| Lunan| Lunas| Lunax| Lunay| Lunel| Luppy| Luray| Lurcy| Lusse| Luxey| Luzay| Lyaud| Lynde|
79%
R Rabou| Rahay| Rahon| Raids| Rancé| Rancy| Rânes| Rapey| Raray| Ratte| Ravel| Raves| Rayet| Razès| Réans| Redon| Régat| Regny| Régny| Réhon| Reims| Renac| Renay| Renno| Renty| Réole| Repel| Reppe| Reuil| Revel| Revin| Rezay| Rezza| Rhuis| Rians| Ribay| Ribes| Riche| Rieux| Rigny| Rillé| Rimou| Riols| Rioms| Rions| Rioux| Rivas| Rivel| Rives| Roaix| Roche| Rodès| Rodez| Rœulx| Rogna| Rogny| Rohan| Roizy| Rônai| Roncq| Ronde| Ronel| Ronno| Roppe| Rosay| Rosel| Rosey| Rosis| Rosoy| Roucy| Rouen| Rouet| Rouez| Rouge| Rougé| Rouhe| Roupy| Roura| Roure| Rouze| Rovon| Royan| Royas| Royat| Royer| Royon| Rozel| Rozès| Rugny| Ruitz| Rully| Runan| Ruoms| Rurey| Rusio| Russy|
75%
N Nabas| Nades| Nages| Najac| Nance| Nancy| Nandy| Nangy| Narcy| Naves| Navès| Neaux| Nedde| Nédon| Néhou| Nenon| Néoux| Nérac| Néret| Néron| Nesle| Nesmy| Nessa| Neuil| Neure| Neuvy| Névez| Nevoy| Nexon| Nézel| Niaux| Nibas| Nicey| Nieul| Nijon| Nîmes| Niort| Nitry| Nizan| Nizas| Nogna| Nohic| Nolay| Nonac| Nonza| Noroy| Nouic| Novel| Noves| Noyal| Noyer| Noyon| Nozay| Nuars| Nuits| Nully| Nurlu| Nyons|
74%
D Dagny| Dalem| Dalou| Damps| Dancé| Dancy| Dangu| Dangy| Danzé| Dasle| Deaux| Dechy| Degré| Delle| Delme| Delut| Deluz| Demie| Dénat| Denée| Déols| Dercé| Dercy| Devay| Deyme| Diant| Dième| Diges| Digna| Digny| Dijon| Dinan| Dingé| Dions| Diors| Dirac| Dirol| Dives| Dohem| Dohis| Domme| Domps| Donzy| Dorat| Dorée| Douai| Doubs| Doucy| Doumy| Dourn| Dours| Douze| Douzy| Doyet| Dracé| Dracy| Drain| Draix| Dreux| Droué| Droux| Druye| Ducey| Ducos| Dugny| Dumes| Dunes| Dunet| Duran| Duras| Duzey|
72%
A Ablis| Ablon| Aboën| Absie| Abzac| Achen| Achey| Achun| Aclou| Acoua| Adast| Ageux| Agnac| Agnat| Agnin| Agnos| Agris| Aguts| Aibes| Aibre| Aigle| Aigne| Aigné| Aigny| Aigre| Ailly| Airan| Airel| Aires| Aiton| Aizac| Ajain| Ajoux| Alata| Alban| Albas| Albon| Allan| Allex| Allos| Alluy| Aluze| Alzen| Alzon| Amage| Amazy| Ambax| Ambel| Ambès| Ambon| Ampus| Amuré| Anais| Ancey| Anché| Andel| Andon| Anetz| Angey| Angos| Anisy| Anjou| Annay| Annot| Anost| Anoux| Anoye| Ansan| Anthé| Antin| Anvin| Anzex| Anzin| Aoste| Aouze| Apach| Aprey| Aranc| Araux| Arbas| Arbin| Arbon| Arbot| Arbus| Arçay| Arces| Arcey| Arcon| Arçon| Ardes| Ardin| Ardon| Arget| Argis| Argol| Arith| Arlay| Arles| Arlet| Arlos| Armes| Armix| Armoy| Arnac| Arnas| Arnos| Arphy| Arras| Arsac| Artas| Artix| Arudy| Arzal| Arzay| Arzon| Ascou| Asnan| Aspet| Asque| Assac| Assas| Assat| Assay| Asson| Astet| Astis| Aston| Athée| Athie| Athis| Attin| Atton| Aubas| Aubin| Aucun| Audes| Audon| Augan| Augea| Augne| Augny| Aujac| Aulan| Aulas| Aulon| Aulos| Aumes| Aumur| Aunat| Auray| Aurel| Aurin| Auris| Auros| Autet| Authe| Autry| Autun| Auxon| Auzas| Auzat| Auzay| Auzet| Auzon| Avaux| Avène| Aveux| Avèze| Avezé| Avion| Aviré| Avize| Avord| Avrée| Avril| Axiat| Aydat| Aydie| Aynac| Ayron| Aytré|
70%
T Table| Tabre| Tâche| Taden| Taizé| Taizy| Tajan| Talcy| Talon| Tanay| Tanis| Tanus| Targé| Tarzy| Tassé| Tasso| Tâtre| Taulé| Tavel| Tavey| Tayac| Têche| Técou| Teich| Tenay| Tence| Tende| Tendu| Tercé| Thaas| Thaix| Thann| Thaon| Thèbe| Theil| Thésy| Théus| Theys| Théza| Thèze| Thiat| Thiré| Thise| Thizy| Thoix| Tholy| Thons| Thors| Thory| Thour| Thoux| Thuel| Thuir| Thuit| Thuré| Thury| Thusy| Thyez| Tigné| Tillé| Tilly| Titre| Toges| Tolla| Tombe| Torcé| Torcy| Torpt| Torxé| Tosse| Tôtes| Toucy| Tours| Toury| Trait| Trans| Tréal| Treix| Tréon| Trept| Trets| Treux| Trévé| Trivy| Trouy| Trucy| Truel| Tulle| Tully| Turgy| Turny| Tuzan| Tuzie|
68%
M Maâtz| Mably| Macau| Macey| Maché| Machy| Mâcon| Madic| Madré| Mages| Magné| Magny| Maing| Mairé| Mairy| Maixe| Maizy| Malay| Malbo| Malmy| Malzy| Mamey| Manas| Mance| Mancy| Manin| Manom| Manot| Manou| Manre| Manso| Marac| Marat| Maray| Marby| Marcé| Marck| Marcq| Marcy| Marey| Marie| Marin| Marle| Marly| Marne| Maron| Mâron| Marre| Marsa| Marzy| Masny| Masos| Massy| Matha| Matra| Maule| Mauny| Maure| Maurs| Maury| Maves| Maxou| Mayac| Mayet| Mayot| Mazan| Mazis| Meaux| Médan| Médis| Melay| Melin| Melle| Mellé| Mello| Melun| Melve| Menat| Mende| Menet| Ménil| Menou| Menus| Méral| Méras| Mercy| Merey| Merfy| Meria| Merri| Mesge| Messé| Messy| Meuvy| Meyze| Mezel| Mézel| Mézin| Mézos| Mhère| Miers| Miéry| Migné| Migny| Migré| Milly| Mimet| Minot| Mions| Mison| Missé| Missy| Moëze| Mohon| Moiré| Moiry| Moisy| Moïta| Molac| Molas| Molay| Môlay| Moloy| Momas| Momuy| Monay| Moncy| Monès| Monte| Monts| Monze| Moras| Morée| Morey| Morez| Morre| Morte| Motte| Mouen| Moule| Moult| Mours| Mouxy| Moyen| Moyon| Mozac| Muids| Murat| Muraz| Mûres| Muret| Murol| Muron| Murzo| Myans|
65%
C Cachy| Caden| Cadix| Cagny| Cahan| Cahon| Cahus| Caine| Caire| Calan| Calce| Calès| Calvi| Cambe| Camon| Campi| Campo| Candé| Canet| Canly| Canté| Cappy| Carly| Catus| Caugé| Cauna| Caure| Cauro| Causé| Cavan| Caves| Cazac| Céaux| Celle| Cellé| Celon| Cénac| Cenon| Censy| Cépet| Cépie| Cepoy| Céran| Céret| Cergy| Cerny| Céron| Cesse| Cessy| Ceton| Cézac| Cézan| Cezay| Chacé| Chail| Chaix| Chanu| Chaon| Chard| Chars| Chaum| Chaux| Chécy| Cheix| Chemy| Chêne| Chenu| Cheny| Chepy| Chépy| Chéry| Cheux| Chèze| Chézy| Chigy| Chisa| Chizé| Chooz| Choue| Choux| Chouy| Choye| Cieux| Cilly| Ciral| Ciran| Cirès| Cirey| Ciron| Cissé| Citey| Citou| Citry| Cizos| Clais| Claix| Clans| Claon| Clary| Claux| Clavé| Claye| Clécy| Clefs| Cléon| Cléry| Cléty| Clion| Cloué| Clucy| Cluis| Cluny| Cogna| Cogny| Coise| Coisy| Colpo| Comps| Comté| Comus| Conan| Conat| Conca| Condé| Congy| Conte| Conty| Coole| Coray| Corcy| Coren| Corné| Corny| Coron| Corpe| Corps| Corre| Corte| Corzé| Costa| Coucy| Couhé| Couin| Coulx| Coume| Cours| Coust| Cozes| Crach| Crain| Crans| Craon| Creil| Créon| Créot| Crépy| Crest| Creuë| Crion| Croce| Crocq| Crocy| Croix| Croth| Crots| Crouy| Croze| Cruas| Cruet| Cruis| Cruzy| Cubry| Cudos| Cudot| Cuers| Cuffy| Cugny| Cuhon| Cuing| Cuisy| Culan| Culey| Culin| Culoz| Cunac| Cunel| Curac| Curan| Curel| Cures| Curgy| Curlu| Cusey| Cussy| Cutry| Cuvat| Cuves| Cuvry| Cuzac|
62%
S Sacey| Saché| Sachy| Sains| Saint| Saisy| Saizy| Sajas| Sales| Salle| Salon| Salza| Saman| Samer| Sames| Sancé| Sancy| Sansa| Saône| Saran| Saraz| Sarcé| Sarcy| Sarry| Sassy| Saugy| Sault| Saulx| Sauto| Sauve| Sauze| Savas| Saxel| Sayat| Sazos| Scaër| Scata| Sciez| Sedan| Ségny| Ségos| Segré| Ségry| Ségur| Ségus| Seich| Seigy| Seilh| Seltz| Selve| Semoy| Sempy| Semuy| Sénac| Senan| Sénas| Senez| Senon| Senuc| Sercy| Serez| Sergy| Séris| Séron| Serre| Seugy| Seuil| Seure| Sévis| Sévry| Sewen| Seyne| Seyre| Siecq| Siest| Sirac| Siran| Sirod| Siros| Sisco| Sissy| Sivry| Sizun| Soize| Soizé| Soler| Sompt| Sonac| Songy| Sorbs| Sorel| Sorio| Sotta| Soual| Soucé| Soucy| Soudé| Souel| Soues| Sougé| Sougy| Soula| Sourd| Sourn| Sours| Souzy| Spada| Still| Suaux| Sugny| Sully| Surat| Surba| Surgy| Surin| Suris| Suzan| Suzay| Suzoy|
45%
V Vabre| Vains| Vaire| Vairé| Vaite| Valay| Valff| Valmy| Vancé| Vandy| Vanne| Vanzy| Vaour| Varen| Varès| Varzy| Vassy| Vatan| Vatry| Vaulx| Vèbre| Velet| Vélye| Venas| Vence| Vénès| Veney| Venon| Venoy| Vérac| Vergt| Véria| Vérin| Verne| Verny| Véron| Verzé| Verzy| Vesly| Veuil| Veuve| Vézac| Vezet| Vezot| Viane| Vibal| Vicel| Vichy| Vidai| Vidou| Viens| Vieux| Viévy| Vigan| Vigen| Viger| Vigny| Vijon| Ville| Villé| Villy| Vinax| Vinay| Vinça| Vinon| Vions| Virac| Virey| Visan| Vitot| Vitré| Viven| Vivès| Vivey| Vogüé| Voide| Voise| Volon| Voncq| Vorey| Vorly| Vouël| Vougy| Vouhé| Voulx| Vouzy| Voves| Voyer| Vraux| Vrély| Vritz| Vrizy| Vroil|
45%
F Fabas| Faget| Fains| Falck| Falga| Falvy| Fauch| Fauga| Faulq| Faulx| Fayel| Fayet| Fédry| Feins| Felce| Felon| Fénay| Feneu| Fépin| Fercé| Férée| Férel| Férin| Féron| Ferré| Ferté| Fessy| Feule| Feurs| Fèves| Fiefs| Fieux| Fillé| Firmi| Fitou| Fixem| Fixin| Flacy| Flagy| Flaux| Fléac| Fleix| Flers| Fléty| Flévy| Fleys| Flize| Foëcy| Folie| Force| Forcé| Forge| Forie| Fosse| Fossé| Fouju| Fourg| Fours| Frain| Frais| Frans| Frazé| Fréty| Frise| Fromy| Fuans| Fulvy| Fumay| Fumel| Fussy|
28%
U Ubexy| Uchon| Ugine| Uglas| Ulcot| Ulmes| Unias| Union| Upaix| Urbès| Urçay| Urcel| Urdès| Urdos| Urost| Urval| Ussac| Ussat| Ussel| Usson| Ustou| Uxeau| Uzech| Uzein|
26%
G Gabat| Gabre| Gagny| Gajac| Gajan| Galan| Galey| Galez| Galié| Ganac| Garac| Garat| Garde| Garin| Garos| Gasny| Gatey| Gaude| Gauré| Gâvre| Gayan| Gayon| Gèdre| Gehée| Gelos| Gémil| Genas| Génat| Genay| Geney| Génis| Genod| Génos| Genté| Gercy| Gerde| Gergy| Gesté| Gevry| Gibel| Gigny| Gimat| Ginai| Gioux| Gipcy| Girac| Giron| Givet| Givre| Givry| Gizay| Gizia| Gland| Glère| Glisy| Gomer| Gonds| Gonez| Gorcy| Gorre| Gorze| Gosné| Gouex| Goult| Gours| Gouts| Goutz| Gouze| Goven| Grais| Graix| Grand| Grane| Grans| Grave| Greny| Greux| Gries| Grisy| Groix| Grues| Gruny| Grury| Grust| Gudas| Guern| Gueux| Guipy| Guise| Guisy| Guran| Gurat| Gurgy|
25%
E Eancé| Eauze| Ébaty| Ébéon| Échay| École| Edern| Éduts| Eecke| Effry| Éhuns| Ellon| Elnes| Éloie| Elven| Embry| Enval| Épehy| Epfig| Épine| Epiry| Épisy| Épône| Époye| Eppes| Épron| Éréac| Ergny| Erlon| Erloy| Ernée| Ernes| Érôme| Érone| Erquy| Esbly| Escos| Escot| Escou| Ésery| Esley| Esnes| Esnon| Espas| Essay| Essey| Esson| Estal| Estos| Estry| Étain| Étais| Etaux| Étouy| Étrat| Étray| Étrez| Étrun| Eurre| Euzet| Évans| Éveux| Évisa| Évran| Èvres| Évron| Exmes| Eymet| Eysus|
20%
H Habas| Habit| Hadol| Hagen| Haget| Hague| Haies| Haims| Hallu| Hamel| Harcy| Harly| Harol| Havre| Hayes| Hénon| Hercé| Hères| Héric| Hérie| Hérin| Herly| Hermé| Herny| Héron| Herré| Herry| Hesse| Hirel| Hitte| Hœdic| Hœrdt| Homps| Horme| Horps| Hosta| Hoste| Houga| Hourc| Hours| Houry| Huest| Huppy|
20%
I Idron| Igney| Ignol| Ilhan| Ilhat| Ilhes| Ilhet| Ilheu| Imphy| Inchy| Indre| Ingré| Irais| Irles| Isdes| Isola| Issac| Issel| Issor| Issou| Issus| Itzac| Ivors| Ivory| Ivrey| Izaux| Izier| Izieu|
18%
O Obies| Objat| Ocana| Occey| Oches| Ochey| Octon| Odars| Œting| Offin| Offoy| Ognes| Ohain| Oigny| Oingt| Oiron| Oisly| Oison| Oissy| Oizon| Olizy| Olley| Olmes| Olmet| Ommoy| Omont| Onans| Onard| Ondes| Oneux| Onjon| Onlay| Ontex| Oraàs| Orain| Orban| Orbec| Orbey| Orçay| Orcet| Organ| Orges| Orgon| Orion| Orist| Ormes| Ormoy| Ornel| Ornes| Ornex| Ornon| Oroër| Oroix| Oroux| Orres| Orret| Orsan| Orsay| Orval| Osani| Oslon| Osmoy| Osnes| Ossen| Ossès| Ossun| Ostel| Othis| Oudan| Oudon| Oudry| Ouézy| Ouges| Ougny| Oulon| Oupia| Ourde| Ousse| Ousté|
14%
J Jacou| Janzé| Jarne| Jarny| Jarsy| Jarzé| Jaure| Jauzé| Javie| Jayac| Jayat| Jegun| Joncy| Josat| Josse| Jouac| Jouey| Jouhe| Juicq| Jully| Julos| Jumel| Junas| Junay| Jusix| Jussy| Juxue| Juzes|
9%
Aucun quiz correspondant
Distribution des résultats
% des personnes avec chaque résultat
Percentile par nombre de réponses
Votre historique - résultats
Vous n’avez pas pris ce quiz